000 00554nam a2200169 i 4500
001 149769
003 ES-MaACL
005 20230906203241.0
007 t|
008 071024s1927 po ||||1| por d
100 1 _aVautel, Clement.
_9113324
245 1 4 _aUna mulher de temperamento
_b: (les folies bourgoises) : romance /
_cClément Vautel ; traduçâo de Garibaldi Falçâo.
260 _aPorto :
_b[s.n.],
_c1927 (
_fLiv. e Impr. Civilizaçâo)
300 _a320 p. ;
_c20 cm.
700 1 _aFalçâo, Garibaldi.
_948685
852 _aES-MaACL
_jF-4133
999 _c149769
_d149769